| 000 | 00875nas a2200289 4500 | ||
|---|---|---|---|
| 001 | BR9901711 | ||
| 003 | BR-BrBNA | ||
| 005 | 20231205101338.0 | ||
| 007 | ta | ||
| 008 | 230509b bl.|||p| |||| 00| 00por d | ||
| 040 |
_aBR-BrBNA _bpor _cBiblioteca Nacional de Agricultura |
||
| 041 | _a(Pt) | ||
| 072 | _aL73 | ||
| 100 | 1 | _aOliveira, A. de | |
| 100 | 1 | _aAraujo, P.R. de | |
| 100 | 1 | _aCastilho, S.M. | |
| 245 | 1 | _aAgentes etiologicos de otite canina e sua sensibilidade aos antibioticos no Estado do Rio de Janeiro | |
| 650 | _aCao | ||
| 650 | _aOtite | ||
| 650 | _aInfeccao | ||
| 650 | _aAntibiotico | ||
| 650 | _aResistencia | ||
| 650 | _aRio de Janeiro | ||
| 773 | 0 |
_tRevista Brasileira de Medicina Veterinaria (Brazil) _xISSN 0100-2430 _g(Nov-Dec 1998), v. 20(6) p. 232-235 _wBR9901711 |
|
| 909 |
_a202311 _bLúcia _c55 _dLúcia Elande |
||
| 942 |
_2AGRIS _n0 _cANA |
||
| 999 |
_c161279 _d161279 |
||